000 00794cab a2200205 4500
001 X99296
008 090401t1998 xxu||||| |||| 00| 0 eng d
035 _a(Sirsi) u99296
041 _aeng
245 _aPagemanor Ltd v Ryan
260 _c1998
350 _a0
490 _aNew Property Cases
_v1998 NPC 37
520 _aChD 6 March 1998. A plaintiff recovers money paid under a contract which is void for non-compliance with Law of Property (Miscellaneous Provisions) Act 1989 and which is also illegal by using quasi contract and pleading total failure of consideration.NB NO PHOTOCOPYING ALLOWED
650 _aLAW OF PROPERTY (MISCELLANEOUS PROVISIONS) ACT 1989 S2
650 _aREPOSSESSION
690 _aPROPERTY LAW AND PRACTICE-CASE LAW
942 _n0
948 _c16/03/1998
999 _c59919
_d59919